Giáo trình lập trình Web bằng ASP 3.0
Nội dung giới thiệu ASP 3.0 và ứng dụng Web. Cấu hình ASP bằng IIS và PWS. Đối tượng response, session, application, server, khai báo chèn tập tin, ASP 3.0 và Client Script...
Guardado en:
| Autor principal: | |
|---|---|
| Formato: | Libro |
| Lenguaje: | Undetermined |
| Publicado: |
Hà Nội
Lao động - Xã hội
2005
|
| Materias: | |
| Etiquetas: |
Agregar Etiqueta
Sin Etiquetas, Sea el primero en etiquetar este registro!
|
| Thư viện lưu trữ: | Trung tâm Học liệu Trường Đại học Cần Thơ |
|---|
| LEADER | 00940nam a2200205Ia 4500 | ||
|---|---|---|---|
| 001 | CTU_112334 | ||
| 008 | 210402s9999 xx 000 0 und d | ||
| 020 | |c 89000 | ||
| 082 | |a 005.758 | ||
| 082 | |b Kh106 | ||
| 100 | |a Phạm, Hữu Khang | ||
| 245 | 0 | |a Giáo trình lập trình Web bằng ASP 3.0 | |
| 245 | 0 | |c Phạm Hữu Khang (chủ biên), Hoàng Đức Hải ; Phương Lan (hiệu đính) | |
| 260 | |a Hà Nội | ||
| 260 | |b Lao động - Xã hội | ||
| 260 | |c 2005 | ||
| 520 | |a Nội dung giới thiệu ASP 3.0 và ứng dụng Web. Cấu hình ASP bằng IIS và PWS. Đối tượng response, session, application, server, khai báo chèn tập tin, ASP 3.0 và Client Script... | ||
| 650 | |a Phát triển Web site,Web site development | ||
| 650 | |x Chương trình máy tính,Computer programs | ||
| 980 | |a Trung tâm Học liệu Trường Đại học Cần Thơ | ||